02327nam a2200421 a 4500001001000000003000900010005001700019007000300036008002800039020001800067040003000085082002800115100000600143110005500149245018600204264008400390300005200474336002700526337003500553338002200588505066200610590002601272650005901298650004301357651005501400700004301455700005001498700004201548700004001590910004001630930002101670930002101691930002401712942001201736952012201748956001801870999001701888000024016DO-SdBPM20260519105250.0ta110118s2018 dr 001 0 spa d a9789945884167 aDO-SdBPMbspacBPMSUerda04a341.42b R426j 20182221 a 1 aRepública Dominicana. bTribunal Constitucional 13a La justa causa de la libertad /ccolaboradores : Juan Daniel Balcácer, : Justo Pedro Castellanos Khoury ; presentación : Milton Ray Guevara ; prólogo : Juan Daniel Balcácer aSanto Domingo :b Tribunal Constitucional de la República Dominicana, c2018 a 58 + [32] páginas :bilustraciones ;c22 cm. atextobtxt2rdacontent asin mediación bn2rdamedia  avolumen bnc2rda0 aPalabras de presentación / Milton Ray Guevara, 11.-- A manera de prólogo / Juan Daniel Balcácer, 17.-- Manifiesto del 16 de enero de 1844, 27.-- Proyecto de Ley Fundamental, de Juan Pablo Duarte, 47.-- Anexo I. Fotografías del ejemplar original del proyecto de Ley Fundamental, de Juan Pablo Duarte, 59.-- Anexo II. Fotografías de la transcripción original del Manifiesto del 16 de enero de 1844, 77.-- Anexo III. Fotografías de la Resolución No. TC/ 0003/ 12, del 11 de diciembre de 2012, del Tribunal Constitucional de la República Dominicana, mediante la cual se declara a Juan Pablo Duarte como primer constitucionalista dominicano, 89 aInventariado, 2026/VM 7aAutodeterminación nacionalz República Dominicana  7aNacionalismoz República Dominicana  7aRepública Dominicana xLímitesxHistoriay v 1 aBalcácer, Juan Daniel eColaborador 1 aCastellanos Khoury, Justo Pedro eColaborador1 a Ray Guevara, Miltonepresentación 1 aBalcácer, Juan Danieleprólogo  aVMateo V. Control de calidad BPMSU  l m 8 f p g  l m 8 f p g  l m 8 f p g h  2ddccBK 00102ddc708CDaBPMETbBPMETd2026-05-19l0oBPMSU CD 341.42 R426j 2018pBPMSU26050077r2026-05-19w2026-05-19yBK a b c l h  c15849d15849